1945 1687 1270 1022 1050 1383 1741 1696 1714 1537 1219 1770 1731 1458 1874 1596 1127 1344 1037 1193 1479 1328 1561 1667 1037 1291 1920 1525 1765 1109 1991 1456 1989 1516 1166 1113 1287 1865 1466 1122 1735 1762 1475 1303 1269 1878 1118 1377 1134 1132 1602 1947 1687 1737 1342 1658 1273 1731 1706 1989 1448 1233 1200 1673 1503 1635 1051 1995 1392 1892 1591 1812 1968 1613 1577 1647 1467 1591 1491 1001 1069 1099 1217 1859 1826 1343 1299 1280 1697 1941 1494 1298 1468 1629 1153 1954 1266 1344 1147 BCNSPRNW ULIB Ver.6.0+V

เปลี่ยนเป็นภาษาไทย

Change to English
 แสดงรายละเอียดบรรณานุกรม
  กลับหน้าหลัก

Brief Record : Get Marc (ISO 2709) : E-mail record : QR code < ปิดหน้าต่าง
LEADER : 00000nam 2200000uu 4500
001    13399121140
003     ULIB
008    121107s2548||||th 000 0 tha d
020    ^a9749569083
050  4 ^aLB^bอ423ก 2548
100 0  ^aอลงกรณ์ มีสุทธา
245 10 ^aการประเมินผลการปฏิบัติงาน /^cอลงกรณ์ มีสุทธา, สมิต สัชฌุกร
250    ^aพิมพ์ครั้งที่ 8 (ฉบับแก้ไขเพิ่มเติม)
260    ^aกรุงเทพฯ :^bสมาคมส่งเสริมเทคโนโลยี (ไทย-ญี่ปุ่น),^c2548
300    ^a262 หน้า ;^c26 ซม.
650  4 ^aการทำงาน^xการประเมิน
650  4 ^aการประเมินผลงาน
650  4 ^aการวัดผลงาน
700 0  ^aสมิต สัชฌุกร
945    ^p0^l0^i24040
995    ^aกัณชพร
999 ^a กัณชพร
รายการนี้ยังไม่มีแท็ก
คุณยังไม่ได้ล็อกอิน คุณสามารถมีกิจกรรมร่วมกับเว็บไซต์ได้ แต่ต้องล็อกอินก่อน ::
  ล็อกอิน

รายการสื่อสารสนเทศ

ลำดับที่ ประเภท เลขเรียก/บาร์โค้ด สถานที่ สถานะ
1. วิทยาศาสตร์การแพทย์ และสุขภาพ
วิทยาศาสตร์การแพทย์ และสุขภาพ
LB อ423ก 2548  
  Barcode: 24040
ห้องสมุดวิทยาเขตสวรรค์ประชารักษ์
►หนังสือทั่วไป
บนชั้น

รายการใกล้เคียง
    ผู้แต่ง [อลงกรณ์ มีสุทธา]

    หัวเรื่อง [การประเมินผลงาน]
    หัวเรื่อง [การวัดผลงาน]

BibComment


ยังไม่เคยถูกคอมเมนท์

คอมเมนท์ทรัพยากรรายการนี้
  คอมเมนท์: การประเมินผลการป..


 Copyright 2026. Bcnsprnw @Library